Normal view MARC view

Entry Personal Name

Number of records used in: 2

001 - CONTROL NUMBER

  • control field: 540101

003 - CONTROL NUMBER IDENTIFIER

  • control field: OSt

005 - DATE AND TIME OF LATEST TRANSACTION

  • control field: 20220930080908.0

008 - FIXED-LENGTH DATA ELEMENTS

  • fixed length control field: 220930|| aca||aabn | a|a d

040 ## - CATALOGING SOURCE

  • Original cataloging agency: OSt
  • Transcribing agency: OSt

100 ## - HEADING--PERSONAL NAME

  • Personal name: Sibi. P. L

670 ## - SOURCE DATA FOUND

  • Source citation: Work cat.: (OSt)870608: Sibi. P. L., Studies of intra uterine administration of h2 receptorblockers on implantation in albino wistar rats and their possible mechanism of action, 2008
Copyright @ Delhi University Library System